| 000 | 00909nam a22002777a 4500 | ||
|---|---|---|---|
| 001 | 1396 | ||
| 005 | 20260325152011.0 | ||
| 020 | _a0807573094 (hardcover) | ||
| 020 | _a9780439595087 | ||
| 040 |
_aDLC _cDLC _dDLC _beng |
||
| 050 | 0 | 0 |
_aPZ7.T82255 _bSe 2003 |
| 082 | 0 | 0 |
_a[E] _221 |
| 100 | 1 | _aTucker, Kathy. | |
| 245 | 1 | 4 |
_aThe seven Chinese sisters / _cwritten by Kathy Tucker ; illustrated by Grace Lin. |
| 260 |
_aMorton Grove :: _bScholastic, _c2003 |
||
| 300 |
_a25 unnumbered pages : _bcolor illustrations ; _c23 x 28 cm. |
||
| 505 | _aK | ||
| 520 | _aWhen a dragon snatches the youngest of seven talented Chinese sisters, the other six come to her rescue. | ||
| 521 |
_a650
_bLexile |
||
| 521 |
_aK
_bRaz-Plus |
||
| 650 | 1 |
_aSisters _vFiction. |
|
| 650 | 1 |
_aDragons _vFiction. |
|
| 700 | 1 |
_aLin, Grace _eillustrator |
|
| 906 |
_a7 _bcbc _corignew _d1 _eecip _f20 _gy-gencatlg |
||
| 942 |
_2ddc _cBK _n0 |
||
| 999 |
_c1396 _d1396 |
||